Effectiveness of manual, electric and ultrasonic toothbrushes on streptococcus mutans count in patients undergoing fixed orthodontic treatment (Record no. 23680)
[ view plain ]
| 000 -LEADER | |
|---|---|
| fixed length control field | 00529nam a22001457a 4500 |
| 003 - CONTROL NUMBER IDENTIFIER | |
| control field | SGT |
| 082 ## - DEWEY DECIMAL CLASSIFICATION NUMBER | |
| Classification number | 617.643 |
| Item number | E22S |
| 100 ## - MAIN ENTRY--PERSONAL NAME | |
| Personal name | Shikha |
| 245 ## - TITLE STATEMENT | |
| Title | Effectiveness of manual, electric and ultrasonic toothbrushes on streptococcus mutans count in patients undergoing fixed orthodontic treatment |
| Remainder of title | A randomized clinical trial |
| 260 ## - PUBLICATION, DISTRIBUTION, ETC. (IMPRINT) | |
| Place of publication, distribution, etc | Gurugram, Haryana |
| Name of publisher, distributor, etc | SGT University |
| Year of Publication | 2022 |
| 300 ## - PAGE DESCRIPTION | |
| No. of Pages | 61 |
| 650 ## - SUBJECT ADDED ENTRY--TOPICAL TERM | |
| Topical term or geographic name as entry element | Orthodontics & Dentofacial Orthopaedics |
| 653 ## - KEYWORDS--INDEX TERM | |
| Keyword term | Orthodontics; Streptococcus; types of brushes |
| 942 ## - ADDED ENTRY ELEMENTS (KOHA) | |
| Source of classification or shelving scheme | Dewey Decimal Classification |
| Koha item type | Thesis/Dissertation |
| Withdrawn status | Lost status | Source of classification or shelving scheme | Damaged status | Use restrictions | Not for loan | Home library | Current library | Date acquired | Total Checkouts | Full call number | Accession No. (Barcode) | Date last seen | Bill Date | Koha item type |
|---|---|---|---|---|---|---|---|---|---|---|---|---|---|---|
| Dewey Decimal Classification | Restricted Access | Not For Loan | SGT Dental Library | SGT Dental Library | 07/01/2023 | 617.643 E22S | DT1459 | 09/01/2023 | 09/01/2023 | Thesis/Dissertation |